AFLPA Best Captain Award - Statistics

General Stats
  • This quiz has been taken 37 times
    7 since last reset
  • The average score is 23 of 35
Answer Stats
Year Club Answer % Correct
2013 Geelong Joel Selwood
100%
2025 Adelaide Jordan Dawson
86%
2014 Hawthorn Luke Hodge
86%
2021 Western Bulldogs Marcus Bontempelli
86%
2023 Western Bulldogs Marcus Bontempelli
86%
2024 Western Bulldogs Marcus Bontempelli
86%
2001 Brisbane Michael Voss
86%
2002 Brisbane Michael Voss
86%
2003 Brisbane Michael Voss
86%
2004 Brisbane Michael Voss
86%
2020 Collingwood Scott Pendlebury
86%
2022 Collingwood Scott Pendlebury
86%
2016 Adelaide Taylor Walker
86%
2017 Adelaide Taylor Walker
86%
2018 Richmond Trent Cotchin
86%
2012 Essendon Jobe Watson
71%
2005 Adelaide Mark Ricciuto
71%
2006 Adelaide Mark Ricciuto
71%
2015 Western Bulldogs Robert Murphy
71%
2019 West Coast Shannon Hurn
71%
1995 North Melbourne Wayne Carey
71%
1998 North Melbourne Wayne Carey
71%
2000 Kangaroos Wayne Carey
71%
2011 Carlton Chris Judd
57%
2008 Geelong Tom Harley
57%
2007 Brisbane Jonathan Brown
43%
2009 Brisbane Jonathan Brown
43%
1999 Sydney Paul Kelly
43%
2010 Sydney Brett Kirk
29%
1986 Hawthorn Michael Tuck
29%
1992 Fitzroy Paul Roos
29%
1987 Carlton Stephen Kernahan
29%
1994 Carlton Stephen Kernahan
29%
1990 Collingwood Tony Shaw
29%
1988 West Coast Ross Glendinning
14%
No matching quizzes found
Score Distribution
Percent of People with Each Score
Percentile by Number Answered
Your Score History
You have not taken this quiz since the last reset